[Event "B"]
[Site ""]
[Date "2009.01.31"]
[Round "1.77"]
[White "Simkin, Alexander"]
[Black "Mikhailov, Alexander B."]
[Result "0-1"]
[WhiteElo "1957"]
[BlackElo "2227"]
[Annotator ""]
[Source ""]
[Remark ""]

1.e4 c5 2.Nf3 e6 3.d4 cxd4 4.Nxd4 Nf6 5.Bd3 Nc6 6.Nxc6 bxc6 7.O-O
d5 8.exd5 cxd5 9.Bb5+ Bd7 10.Qe2 Be7 11.Bxd7+ Qxd7 12.c3 O-O
13.Nd2 Rab8 14.Nf3 Bd6 15.Rd1 Qc7 16.h3 Rfc8 17.Nd4 Bc5 18.Be3
Qe5 19.Qd2 Ne4 20.Qc1 Qf6 21.f3 Nd6 22.b3 e5 23.Ne2 d4 24.Bf2
dxc3 25.Bxc5 Rxc5 26.Qc2 Nf5 27.Rd3 Nd4 28.Nxd4 exd4 29.Rad1
Rd8 30.Qf2 c2 31.Rc1 Qf5 32.Rxd4 Rxd4 33.Qxd4 Rd5 34.Qe3 Rd1+
35.Kh2 h6 36.Qe8+ Kh7 37.Qe3 Rxc1 38.Qxc1 Qe5+ 39.Kh1 Qe2 40.Qf4
Qd1+ 41.Kh2 c1Q 42.Qe4+ g6 0-1

[Event "B"]
[Site ""]
[Date "2009.01.31"]
[Round "1.78"]
[White "Tukhvatullin, Vladislav"]
[Black "Staroselsky, Vladimir"]
[Result "1-0"]
[WhiteElo "2227"]
[BlackElo "1957"]
[Annotator ""]
[Source ""]
[Remark ""]

1.e4 c6 2.d4 d5 3.e5 Bf5 4.Nc3 e6 5.g4 Bg6 6.Nge2 h6 7.Be3 Nd7
8.Bg2 c5 9.Nf4 Bh7 10.Qe2 a6 11.O-O Ne7 12.dxc5 Nc6 13.Nh5 Ncxe5
14.f4 Nc6 15.f5 Qe7 16.f6 gxf6 17.Bxd5 f5 18.Bg2 Nxc5 19.Kh1
Rg8 20.Bxc5 Qxc5 21.Nf6+ Kd8 22.Rad1+ Kc8 23.Nxg8 Bxg8 24.gxf5
Nd4 25.Qg4 Nxf5 26.Qxg8 Ne3 27.Rxf7 Nxd1 28.Qxf8+ Qxf8 29.Rxf8+ 1-0

[Event "B"]
[Site ""]
[Date "2009.01.31"]
[Round "1.79"]
[White "Rabinovich, Anton"]
[Black "Ivanets, Vladimir"]
[Result "0-1"]
[WhiteElo "1956"]
[BlackElo "2223"]
[Annotator ""]
[Source ""]
[Remark ""]

1.c4 b6 2.Nf3 Bb7 3.g3 e5 4.Bg2 e4 5.Nd4 c5 6.Nc2 Nf6 7.Nc3 Qc8
8.Ne3 Be7 9.Qc2 Nc6 10.Nxe4 O-O 11.Nf5 Nxe4 12.Bxe4 Re8 13.O-O
Bf8 14.d3 g6 15.Nh6+ Bxh6 16.Bxh6 Nd4 17.Qd2 Bxe4 18.dxe4 Rxe4
19.Be3 Qe8 20.Rad1 Qe6 21.Rfe1 Re8 22.Qc3 Nf5 23.Bf4 Rxc4 24.Qd3
Rd4 25.Qb5 Rxd1 26.Rxd1 Nd4 27.Qd3 Qxe2 28.Be3 Qxb2 29.Bxd4 cxd4
30.Qxd4 Qxd4 31.Rxd4 Re2 32.a3 Ra2 33.Rd3 Kf8 34.g4 h6 35.Kg2
Ke7 36.Rf3 d5 37.Kf1 d4 38.Ke1 Ke6 39.Rh3 f5 40.Rxh6 fxg4 41.Rxg6+
Kf5 42.Rd6 Ke4 43.Rg6 Kd3 44.Kf1 Rxa3 45.Rxg4 Kc3 46.h4 d3 47.h5
d2 0-1

[Event "B"]
[Site ""]
[Date "2009.01.31"]
[Round "1.80"]
[White "Pogosian, Georgy"]
[Black "Mihnenko, Nikita"]
[Result "1-0"]
[WhiteElo "2219"]
[BlackElo "1955"]
[Annotator ""]
[Source ""]
[Remark ""]

1.d4 d5 2.Nf3 Nf6 3.g3 Bf5 4.Bg2 e6 5.O-O Bd6 6.c4 c6 7.Qb3 Qb6
8.Nc3 Na6 9.c5 Qxb3 10.axb3 Bc7 11.Bf4 Bxf4 12.gxf4 Ne4 13.Ra4
Nc7 14.Nh4 Nxc3 15.bxc3 Bc2 16.Rb4 Nb5 17.Rc1 a5 18.Rxb5 cxb5
19.Rxc2 f5 20.e3 a4 21.b4 a3 22.Ra2 O-O 23.Bf1 g5 24.Ng2 e5 25.fxe5
f4 26.Bxb5 Kf7 27.exf4 Ke6 28.fxg5 Rf5 29.f4 h6 30.h4 hxg5 31.hxg5
Rff8 32.Kf2 Rh8 33.Kg3 Rh1 34.Bd3 Rc1 35.f5+ Kd7 36.e6+ Kd8 37.Kg4
Rxc3 38.Nf4 Rb3 39.g6 Rb2 40.g7 Kc7 41.Nxd5+ Kc6 42.Ne7+ Kc7
43.Rxb2 1-0

[Event "B"]
[Site ""]
[Date "2009.01.31"]
[Round "1.81"]
[White "Tobengauz, Pavel"]
[Black "Shmatkov, Mikhail"]
[Result "0-1"]
[WhiteElo "1955"]
[BlackElo "2219"]
[Annotator ""]
[Source ""]
[Remark ""]

1.e4 c5 2.c4 Nc6 3.Nc3 g6 4.g3 Bg7 5.Bg2 e6 6.Nge2 Nge7 7.O-O
O-O 8.a3 b6 9.Rb1 a5 10.b3 Bb7 11.Bb2 d6 12.Nb5 e5 13.f4 Nd4
14.Nbc3 Rb8 15.d3 Bc8 16.a4 Nec6 17.h3 Kh8 18.Bc1 Ne7 19.Kh2
Be6 20.Be3 Qd7 21.Nd5 Bxd5 22.exd5 Nef5 23.Bd2 Rbe8 24.Nc3 exf4
25.Bxf4 h6 26.h4 Ne3 27.Bxe3 Rxe3 28.Qd2 Ree8 29.Ne4 f5 30.Nc3
Kh7 31.Rf2 Re7 32.Ne2 Nxe2 33.Rxe2 Rfe8 34.Rbe1 Be5 35.Bh3 Rf8
36.d4 cxd4 37.Qxd4 Qe8 38.Kg2 Qd8 39.Qd3 Ref7 40.Rf1 Kg7 41.Ref2
h5 42.Qd2 Qf6 43.Re2 f4 44.Rf3 g5 45.Be6 g4 46.Rxf4 Bxf4 47.gxf4
Re7 48.Kg3 Kh8 49.f5 Rh7 50.Qe3 Qa1 51.Qxb6 Qh1 52.Qxd6 Qf3+
53.Kh2 Qxe2+ 54.Kg1 Qe1+ 55.Kg2 Qb4 56.Qe5+ Rg7 57.f6 Qd2+ 58.Kg1
Qd1+ 59.Kg2 Qf3+ 60.Kg1 Qxf6 61.Qxf6 Rxf6 62.c5 g3 63.Kg2 Rf2+
64.Kg1 Rc2 65.d6 g2 66.d7 Rc1+ 0-1

[Event "B"]
[Site ""]
[Date "2009.01.31"]
[Round "1.82"]
[White "Aghasaryan, Robert"]
[Black "Buzukashvili, Sofia"]
[Result "1-0"]
[WhiteElo "2218"]
[BlackElo "1954"]
[Annotator ""]
[Source ""]
[Remark ""]

1.d4 Nf6 2.c4 e6 3.Nc3 Bb4 4.Qc2 O-O 5.e4 d6 6.a3 Bxc3+ 7.bxc3
h6 8.Bd3 Nc6 9.f4 Na5 10.Nf3 b6 11.e5 Nd7 12.Rb1 Ba6 13.Qe2 Re8
14.O-O Rc8 15.Be3 Nf8 16.Nd2 Qd7 17.f5 dxe5 18.f6 exd4 19.Bxh6
g6 20.Bxf8 Kxf8 21.Qf2 Kg8 22.Qh4 1-0

[Event "B"]
[Site ""]
[Date "2009.01.31"]
[Round "1.83"]
[White "Ahmadov, Vusal Karimkhan Oglu"]
[Black "Poghosyan, Suren"]
[Result "0-1"]
[WhiteElo "1953"]
[BlackElo "2218"]
[Annotator ""]
[Source ""]
[Remark ""]

1.c4 Nf6 2.Nc3 e6 3.d4 d5 4.Nf3 Be7 5.Bf4 O-O 6.e3 c5 7.cxd5
Nxd5 8.Nxd5 Qxd5 9.a3 cxd4 10.Qxd4 Qxd4 11.Nxd4 Bf6 12.Bd6 Rd8
13.Rc1 Bxd4 14.exd4 Nc6 15.Bc5 Nxd4 16.Rd1 Nc2+ 17.Ke2 Bd7 18.Rc1
Ba4 19.Rb1 Bb3 20.h4 Rac8 21.Be3 e5 22.f3 0-1

[Event "B"]
[Site ""]
[Date "2009.01.31"]
[Round "1.84"]
[White "Bolshakov, Dmitry"]
[Black "Levashov, Michael"]
[Result "1-0"]
[WhiteElo "2217"]
[BlackElo "1952"]
[Annotator ""]
[Source ""]
[Remark ""]

1.e4 c6 2.d4 d5 3.exd5 cxd5 4.Bd3 Nc6 5.c3 g6 6.Bf4 Bg7 7.Nf3
Nf6 8.O-O O-O 9.Nbd2 Nh5 10.Be3 e5 11.dxe5 Nxe5 12.Nxe5 Bxe5
13.Nf3 Bg4 14.Be2 Nf4 15.h3 Nxe2+ 16.Qxe2 Bxf3 17.Qxf3 Qd7 18.Rfd1
Rfd8 19.Bg5 f6 20.Bxf6 Bxf6 21.Qxf6 Rf8 22.Qd4 Rf5 23.Rd2 b6
24.c4 Rd8 25.Rad1 Qf7 26.b3 Rf4 27.Qb2 Rf5 28.Qd4 Rf4 29.Qe5
Rf5 30.Qg3 Qe6 31.Qc7 Rd7 32.Qc8+ Rf8 33.cxd5 Qf5 34.Qc6 Rf6
35.d6 Rdxd6 36.Rxd6 Qxf2+ 37.Kh1 Qe2 38.Qc4+ Qxc4 39.bxc4 Rxd6
40.Rxd6 1-0

[Event "B"]
[Site ""]
[Date "2009.01.31"]
[Round "1.86"]
[White "Shamugia, Shavleg"]
[Black "Makushkin, Nikolay"]
[Result "1-0"]
[WhiteElo "2215"]
[BlackElo "1949"]
[Annotator ""]
[Source ""]
[Remark ""]

1.d4 d5 2.Nf3 Nf6 3.e3 e6 4.Nbd2 Bd6 5.Bd3 Nbd7 6.c4 c6 7.c5
Be7 8.b4 b6 9.Bb2 a5 10.a3 Ba6 11.Qc2 Bxd3 12.Qxd3 b5 13.O-O
O-O 14.Ne5 Qc7 15.f4 h6 16.Bc3 axb4 17.axb4 Qb7 18.Nb3 Rxa1 19.Rxa1
Ne4 20.Na5 Nxe5 21.Qxe4 dxe4 22.Nxb7 Nc4 23.Kf2 g5 24.g3 gxf4
25.exf4 Bf6 26.Ra6 Rb8 27.Na5 Nxa5 28.bxa5 b4 29.Bb2 Rb5 30.Ke3
Kh7 31.Kxe4 Bd8 32.Ke5 b3 33.Kd6 Rb4 34.Kxc6 Rc4 35.Rb6 1-0

[Event "B"]
[Site ""]
[Date "2009.01.31"]
[Round "1.87"]
[White "Absoliamov, Javday"]
[Black "Nozdrachev, Leonid"]
[Result "0-1"]
[WhiteElo "1948"]
[BlackElo "2215"]
[Annotator ""]
[Source ""]
[Remark ""]

1.c4 Nf6 2.Nc3 Nc6 3.g3 e5 4.Bg2 Bc5 5.e3 O-O 6.Nge2 Re8 7.O-O
d6 8.a3 e4 9.Na4 Ne5 10.b4 Bb6 11.Qc2 Bg4 12.Nec3 Nf3+ 13.Kh1
Re5 14.h4 Rh5 15.Nxe4 Nxe4 16.Qxe4 Rxh4+ 17.Bh3 Rxh3+ 0-1

[Event "B"]
[Site ""]
[Date "2009.01.31"]
[Round "1.88"]
[White "Bujakevich, Aleksandr"]
[Black "Lobanov, Igor"]
[Result "1-0"]
[WhiteElo "2213"]
[BlackElo "1948"]
[Annotator ""]
[Source ""]
[Remark ""]

1.e4 c5 2.c3 Nf6 3.e5 Nd5 4.Nf3 Nc6 5.Bc4 e6 6.O-O d6 7.d4 Be7
8.Nbd2 cxd4 9.cxd4 dxe5 10.dxe5 Nb6 11.Bb3 O-O 12.Qe2 Nd4 13.Nxd4
Qxd4 14.Nf3 Qg4 15.h3 Qh5 16.Kh2 f6 17.exf6 Rxf6 18.Rd1 Nd5 19.Qe4
Qg6 20.Qxg6 Rxg6 21.Bxd5 exd5 22.Rxd5 Be6 23.Rd3 Bf5 24.Rd4 Bc5
25.Rd5 Bd6+ 26.Kg1 Be4 27.Rg5 Rxg5 28.Bxg5 Bxf3 29.gxf3 Rf8 30.Kg2
Rf5 31.Be3 Rb5 32.Rd1 Be5 33.b3 a5 34.f4 Bf6 35.Rd6 a4 36.Rb6
Rxb6 37.Bxb6 axb3 38.axb3 Kf7 39.f5 Ke7 40.Kf3 Kd6 41.Ke4 g6
42.fxg6 hxg6 43.f4 Ke6 44.Bd4 Be7 45.Bg7 Bd8 46.Bh6 Ba5 47.Bg5
Bc3 48.h4 Bb2 49.Bd8 Bc3 50.Bb6 Bf6 51.Bf2 Be7 52.Be1 Bf6 53.Bg3
Bc3 54.Bf2 Bf6 55.f5+ gxf5+ 56.Kf4 Be7 57.h5 Bd8 58.Bd4 Bc7+
59.Kg5 Ba5 60.h6 Bd2+ 61.Kg6 Bxh6 62.Kxh6 Kd5 63.Bf2 Ke4 64.Kg5
b5 65.b4 f4 66.Kg4 Ke5 67.Kf3 Kf5 68.Bd4 1-0

[Event "B"]
[Site ""]
[Date "2009.01.31"]
[Round "1.89"]
[White "Radivilov, Igor"]
[Black "Shuvalov, Evgenij"]
[Result "1-0"]
[WhiteElo "1947"]
[BlackElo "2213"]
[Annotator ""]
[Source ""]
[Remark ""]

1.Nf3 d5 2.d4 Nf6 3.Bf4 e6 4.e3 c5 5.Be2 Qb6 6.b3 Nc6 7.O-O cxd4
8.exd4 Be7 9.Nc3 O-O 10.Nb5 Ne8 11.c4 a6 12.Nc3 Qa5 13.Na4 b5
14.Bd2 b4 15.c5 Qc7 16.Nb6 Ra7 17.a3 bxa3 18.Rxa3 Qb7 19.Qa1
Nc7 20.b4 Bf6 21.Bc3 Rd8 22.Qa2 Bd7 23.Ra1 Nb8 24.Nxd7 Rxd7 25.b5
Nxb5 26.Bxb5 Qxb5 27.Rb1 1-0

[Event "B"]
[Site ""]
[Date "2009.01.31"]
[Round "1.90"]
[White "Davydenko, Andrey"]
[Black "Rossinskaya, Ljudmilla"]
[Result "0-1"]
[WhiteElo "2212"]
[BlackElo "1938"]
[Annotator ""]
[Source ""]
[Remark ""]

1.e4 c5 2.Nf3 d6 3.d4 cxd4 4.Nxd4 Nf6 5.Nc3 a6 6.f3 e5 7.Nb3
Be6 8.Be3 Be7 9.Qd2 Nbd7 10.g4 b5 11.g5 Nh5 12.Rg1 Nb6 13.Na5
Qc7 14.a3 O-O 15.O-O-O Rac8 16.Qf2 Nc4 17.Bxc4 bxc4 18.Nd5 Bxd5
19.Bb6 Qd7 20.exd5 Qb5 21.Nc6 Rxc6 22.dxc6 Qxc6 23.Ba5 Nf4 24.Qe3
f6 25.gxf6 Bxf6 26.Rd2 d5 27.Qb6 Qxb6 28.Bxb6 d4 29.Ba5 Rc8 30.Kb1
Rb8 31.Ka2 Rb5 32.Bc7 c3 33.bxc3 dxc3 34.Rd6 Rb2+ 35.Ka1 Kf7
36.Bd8 Rxc2 37.Bxf6 gxf6 38.Rc6 Ne6 39.Rb1 Nd4 40.Rb7+ Kg6 41.Rc4
Rc1+ 42.Ka2 c2 43.Rbc7 Rf1 44.Rc3 Nb5 45.Rxc2 Nxc7 46.Rxc7 Rxf3
47.Ra7 Rh3 48.Rxa6 e4 49.Re6 Kf5 50.Re7 Kf4 51.a4 Rxh2+ 52.Kb3
Rh5 53.Kb4 Re5 54.Rxh7 e3 0-1

[Event "B"]
[Site ""]
[Date "2009.01.31"]
[Round "1.91"]
[White "Nastashuk, Stanislav"]
[Black "Yakimov, S Y"]
[Result "1/2-1/2"]
[WhiteElo "1936"]
[BlackElo "2212"]
[Annotator ""]
[Source ""]
[Remark ""]

1.c4 c6 2.d4 d5 3.Nf3 Nf6 4.Nbd2 Bf5 5.g3 h6 6.Bg2 e6 7.O-O Nbd7
8.a3 Be7 9.b3 O-O 10.Bb2 b5 11.Ne5 Nxe5 12.dxe5 Nd7 13.e4 dxe4
14.Nxe4 bxc4 15.bxc4 Rb8 16.Bc3 Bxe4 17.Bxe4 Qc7 18.Qe1 Bc5 19.Bc2
Rfd8 20.Qe4 Nf8 21.Kh1 Qb6 22.Rab1 Qc7 23.f4 Rxb1 24.Rxb1 Bxa3
25.Ra1 Qe7 26.Qxc6 Bb4 27.Qf3 Bxc3 28.Qxc3 Qc5 29.Kg2 Rd7 30.Ra5
Qc6+ 31.Kg1 Rc7 32.c5 Nd7 33.Ba4 Qe4 34.Bc2 Qb7 35.Qd4 g6 36.Be4
Qb8 37.c6 Qb6 38.Qxb6 Nxb6 39.Kf2 Kf8 40.Ke2 Ke7 41.Kd3 Kd8 42.Kd4
Kc8 43.g4 Kb8 44.Kc5 Rc8 45.f5 exf5 46.gxf5 gxf5 47.Bxf5 Re8
48.c7+ Kb7 49.Be4+ Kc8 50.e6 Rxe6 51.Rxa7 Rxe4 52.Kxb6 Re6+ 53.Kc5
h5 54.Ra8+ Kxc7 55.Ra7+ Kd8 56.Rxf7 Re2 57.Rh7 Rxh2 58.Kd4 Ke8
59.Ke4 Kf8 60.Kf3 Kg8 61.Rb7 1/2-1/2

[Event "B"]
[Site ""]
[Date "2009.01.31"]
[Round "1.93"]
[White "Sarkisian, Vagan"]
[Black "Simonian, Tigran"]
[Result "0-1"]
[WhiteElo "1931"]
[BlackElo "2207"]
[Annotator ""]
[Source ""]
[Remark ""]

1.d4 Nf6 2.c4 e6 3.Nf3 d5 4.g3 Be7 5.Bg2 O-O 6.O-O dxc4 7.Ne5
Nc6 8.Nxc6 bxc6 9.Qa4 Rb8 10.Qxc4 Rb4 11.Qxc6 Bb7 12.Qc2 Bxg2
13.Kxg2 Rxd4 14.Be3 Rd7 15.Nc3 Ng4 16.Bf4 g5 17.Bc1 h6 18.Kg1
Bf6 19.Qa4 Bd4 20.e3 Bxc3 21.bxc3 Ne5 22.Ba3 Qa8 23.e4 Rfd8 24.Bc5
g4 25.Be3 Rd3 26.Rac1 Nf3+ 27.Kg2 h5 28.Bf4 c5 29.Rc2 Qb7 30.Rfc1
Rd1 31.Rxd1 Rxd1 32.Rc1 Rxc1 33.Bxc1 Qb1 34.Qd1 Qxe4 35.h4 Nxh4+
36.Kf1 Qh1+ 37.Ke2 Qf3+ 38.Kd2 Qxf2+ 0-1

[Event "B"]
[Site ""]
[Date "2009.01.31"]
[Round "1.94"]
[White "Anarkulov, A"]
[Black "Guseinov, Djelal"]
[Result "1-0"]
[WhiteElo "2202"]
[BlackElo "1928"]
[Annotator ""]
[Source ""]
[Remark ""]

1.e4 e6 2.Qe2 c5 3.Nf3 Nc6 4.c3 d5 5.exd5 Qxd5 6.Na3 Nf6 7.g3
b6 8.Bg2 Bb7 9.O-O Be7 10.d4 Rc8 11.dxc5 Bxc5 12.b4 Be7 13.Nh4
Qd8 14.Rd1 Nd7 15.Nc4 Ba6 16.Nd6+ Bxd6 17.Qxa6 Qc7 18.Rxd6 1-0

[Event "B"]
[Site ""]
[Date "2009.01.31"]
[Round "1.95"]
[White "Kapov, Adam"]
[Black "Kurukin, Dmitry"]
[Result "0-1"]
[WhiteElo "1927"]
[BlackElo "2202"]
[Annotator ""]
[Source ""]
[Remark ""]

1.e4 c5 2.c3 d6 3.d4 Nf6 4.Bd3 g6 5.Nf3 Bg7 6.O-O O-O 7.Be3 cxd4
8.cxd4 Nc6 9.Nc3 Ng4 10.Rc1 Nxe3 11.fxe3 e5 12.Bb5 exd4 13.exd4
Bg4 14.Bxc6 bxc6 15.Qd2 Rb8 16.b3 Qa5 17.Kh1 Rb4 18.Ne2 Qb6 19.Rc4
Rxc4 20.bxc4 Qa6 21.Qc2 c5 22.dxc5 dxc5 23.Rb1 Be6 24.Rb5 Qd6
25.Nc1 Rd8 26.Ne2 Qd1+ 27.Qxd1 Rxd1+ 28.Neg1 Bd4 29.Nxd4 cxd4
30.c5 d3 31.Rb8+ Kg7 32.Rd8 d2 33.c6 Bxa2 34.c7 Be6 35.h3 Rc1
36.Rxd2 Rxc7 37.Nf3 a5 38.Nd4 Bd7 39.Kg1 a4 40.Kf2 a3 41.Ra2
Rc3 42.Ke2 Be6 43.Ra1 Bc4+ 44.Kf2 a2 45.Ne2 Rc2 0-1

[Event "B"]
[Site ""]
[Date "2009.01.31"]
[Round "1.96"]
[White "Spichkin, Alexander"]
[Black "Voronov, Vladimir Yu"]
[Result "1-0"]
[WhiteElo "2201"]
[BlackElo "1926"]
[Annotator ""]
[Source ""]
[Remark ""]

1.e4 c5 2.Nf3 Nf6 3.e5 Nd5 4.c3 Nc6 5.d4 cxd4 6.Bc4 Nb6 7.Bb3
d5 8.exd6 Qxd6 9.O-O Be6 10.Bxe6 Qxe6 11.Nxd4 Qd5 12.Be3 Rd8
13.Na3 Nxd4 14.Bxd4 e6 15.Bxb6 axb6 16.Qa4+ Qc6 17.Nb5 Bd6 18.Rad1
O-O 19.Rd4 Bc5 20.Rdd1 e5 21.Qb3 e4 22.c4 Rfe8 23.Nc3 Rd3 24.Rxd3
exd3 25.Qd1 Qd7 26.Nd5 Qf5 27.b4 Bd4 28.Qd2 Qe4 29.Nf4 Bf6 30.Nxd3
Qxc4 31.Rc1 Qd4 32.Qc2 g6 33.g3 Rd8 34.Rd1 Qe4 35.a3 h5 36.Ne1
Qc6 37.Rxd8+ Bxd8 38.Qd3 Bf6 39.b5 Qc1 40.Qe3 Bc3 41.Qxc1 1-0

[Event "B"]
[Site ""]
[Date "2009.01.31"]
[Round "1.97"]
[White "Seregin, Alexey"]
[Black "Manukyan, Sargis V"]
[Result "0-1"]
[WhiteElo "1916"]
[BlackElo "2198"]
[Annotator ""]
[Source ""]
[Remark ""]

1.e4 e6 2.d4 d5 3.c4 dxe4 4.Nc3 Nf6 5.Bg5 Be7 6.f3 Nc6 7.Be3
Bb4 8.a3 Bxc3+ 9.bxc3 e5 10.d5 Ne7 11.fxe4 Nxe4 12.Bd3 Nf5 13.Qf3
Ng5 14.Qf2 Nxe3 15.Qxe3 f6 16.h4 Nf7 17.Qg3 O-O 18.Nh3 e4 19.Be2
Bxh3 20.Qxh3 Qd6 21.O-O Nh6 22.Qe6+ Qxe6 23.dxe6 Rfd8 24.g4 Kf8
25.Rf4 Ke7 26.g5 Ng8 27.Rxe4 Rd6 28.Re1 Rad8 29.Bf3 b6 30.Kf2
Rd2+ 31.R1e2 Rxe2+ 32.Kxe2 Rd6 33.Ke3 fxg5 34.hxg5 h6 35.Re5
hxg5 36.Rxg5 Rxe6+ 37.Kd4 Kf6 38.Rg2 Ne7 39.Bd5 Rd6 40.Rf2+ Nf5+
41.Ke4 g6 42.Bg8 Kg7 43.c5 Rc6 44.Bd5 Rxc5 45.c4 Kf6 46.Kd3 Ra5
47.Ra2 g5 48.Ke4 Nd6+ 49.Kd4 g4 50.a4 Kg5 51.Kc3 g3 52.Kb4 Rc5
53.Rg2 Kf4 54.Kc3 c6 0-1

[Event "B"]
[Site ""]
[Date "2009.01.31"]
[Round "1.98"]
[White "Kuznetsov, Mikhail V"]
[Black "Andreev, Volodymyr"]
[Result "1-0"]
[WhiteElo "2196"]
[BlackElo "1915"]
[Annotator ""]
[Source ""]
[Remark ""]

1.d4 Nf6 2.Nf3 g6 3.g3 Bg7 4.Bg2 O-O 5.O-O d6 6.Re1 Nbd7 7.e4
c6 8.Nc3 e5 9.a4 a6 10.h3 Ne8 11.a5 Qc7 12.Be3 exd4 13.Nxd4 Nc5
14.f4 Ne6 15.Nf3 f5 16.exf5 gxf5 17.Na4 Qf7 18.c4 Bf6 19.Qd3
N6g7 20.Nb6 Rb8 21.Re2 Qg6 22.Kh2 Bd8 23.Rae1 Nf6 24.Nh4 Qh6
25.Rd1 Nfe8 26.Nf3 Nh5 27.Ng5 Nhf6 28.Nxc8 Ng4+ 29.Kg1 Nxe3 30.Qxe3
Rxc8 31.b4 Nc7 32.h4 Qg6 33.Qd4 h6 34.Nf3 Rf6 35.Qb6 Ne6 36.Qxb7
Rc7 37.Qb8 Rg7 38.Rxd6 Qxg3 39.Rxd8+ Nxd8 40.Qxd8+ Rf8 41.Qd4
Rg4 42.Qf2 Qxf4 43.Ne5 Qxf2+ 44.Kxf2 Rf4+ 45.Kg3 Rd4 46.Nxc6
Rd3+ 47.Kf4 Kh8 48.Ne5 Rd6 49.c5 Rd4+ 50.Ke3 Rxb4 51.Ng6+ Kg7
52.Nxf8 Kxf8 53.Kd3 Rb5 54.c6 1-0

[Event "B"]
[Site ""]
[Date "2009.01.31"]
[Round "1.100"]
[White "Erofeev, Alexey"]
[Black "Shubin, Gennady"]
[Result "1-0"]
[WhiteElo "2195"]
[BlackElo "1913"]
[Annotator ""]
[Source ""]
[Remark ""]

1.d4 d5 2.Bg5 Nf6 3.Bxf6 exf6 4.e3 Bf5 5.c4 Bb4+ 6.Nc3 O-O 7.Qb3
Bxc3+ 8.bxc3 dxc4 9.Qxb7 Nd7 10.Bxc4 Nb6 11.Be2 Re8 12.Bf3 a6
13.Ne2 Bc8 14.Qc6 Rb8 15.Qc5 Na4 16.Qa3 Nb2 17.O-O Nc4 18.Qa4
Be6 19.Bc6 Re7 20.Nf4 Nb6 21.Qc2 Bc4 22.Rfd1 Qd6 23.Be4 g6 24.Bd3
Rbe8 25.Rab1 Bb5 26.Rdc1 Nc4 27.Bxc4 Bxc4 28.Qa4 Bb5 29.Qb4 Qd8
30.c4 Bd7 31.Qa5 Bf5 32.Rb7 Be4 33.d5 Qd6 34.Ra7 Bf5 35.Rxa6
Qe5 36.Qc3 Qe4 37.a4 Rb8 38.h4 Qe5 39.Qa5 Qb2 40.Qc3 Qxc3 41.Rxc3
Kg7 42.Ra3 Ree8 43.Ra7 Rec8 44.a5 Rb4 45.c5 Rc4 46.c6 Rc1+ 47.Kh2
Rc2 48.a6 Rxf2 49.Rb7 g5 50.hxg5 fxg5 51.Nh5+ Kg6 52.Ng3 Rd2
53.e4 Bg4 54.a7 h5 55.Rb8 h4 56.Rxc8 1-0

[Event "B"]
[Site ""]
[Date "2009.01.31"]
[Round "1.101"]
[White "Rusinov, Mikhail"]
[Black "Uraev, Ivan"]
[Result "0-1"]
[WhiteElo "1911"]
[BlackElo "2194"]
[Annotator ""]
[Source ""]
[Remark ""]

1.e4 c5 2.Nf3 e6 3.c3 Nc6 4.Bd3 d5 5.O-O Nf6 6.e5 Nd7 7.Re1 Qc7
8.Qe2 Be7 9.Bc2 b6 10.d4 cxd4 11.cxd4 Nb4 12.Nc3 Ba6 13.Qd1 Nxc2
14.Qxc2 O-O 15.Ng5 Bxg5 16.Bxg5 Rfe8 17.Rac1 b5 18.Qd1 Qa5 19.b3
Rac8 20.Qd2 b4 21.Ne2 Bxe2 22.Qxe2 Rc3 23.Rxc3 bxc3 24.Rc1 Nb6
25.Qc2 h6 26.Be3 Rc8 27.f3 Qb4 28.Bf2 a5 29.Rd1 a4 30.Be1 axb3
31.axb3 Nd7 32.Rd3 Qb6 33.Kf1 Rb8 34.Qxc3 Qa6 35.Kf2 Rc8 36.Qd2
Qa7 37.Kg3 f6 38.f4 Qa1 39.Rc3 Rb8 40.b4 Qb1 41.Qc1 Qg6+ 42.Kf2
Nb6 43.Rg3 Qf7 44.Kg1 Rc8 45.Qd1 Rc4 46.Qd2 Rc7 47.Qd3 Rc1 48.Qd2
Ra1 49.Qc3 Rb1 50.h3 Nc4 51.Kh2 fxe5 52.Bd2 Rd1 53.Rd3 Rxd2 0-1

[Event "B"]
[Site ""]
[Date "2009.01.31"]
[Round "1.103"]
[White "Pristalov, Evgeny"]
[Black "Asgarov, Mushfig Nizami Oglu"]
[Result "1-0"]
[WhiteElo "1905"]
[BlackElo "2192"]
[Annotator ""]
[Source ""]
[Remark ""]

1.e4 c5 2.Nf3 d6 3.c3 Nf6 4.Be2 Nc6 5.d4 cxd4 6.cxd4 Nxe4 7.d5
Qa5+ 8.Nc3 Nxc3 9.bxc3 Ne5 10.Nxe5 dxe5 11.Qb3 Bd7 12.O-O Qc7
13.Rb1 b6 14.Rd1 Rc8 15.Ba6 Rd8 16.Ba3 e6 17.d6 Qc6 18.c4 g6
19.Bb5 Qb7 20.Bxd7+ Qxd7 21.c5 bxc5 22.Qf3 f5 23.Bxc5 e4 24.Qa3
Bg7 25.Qa6 O-O 26.Rb7 Qc8 27.Qxa7 Be5 28.d7 Qc6 29.Bxf8 Kxf8
30.Qa5 Bf6 31.Rc7 Bc3 32.Qa3+ 1-0

[Event "B"]
[Site ""]
[Date "2009.01.31"]
[Round "1.104"]
[White "Trusov, Mikhail"]
[Black "Surov, Anatoly"]
[Result "1-0"]
[WhiteElo "2191"]
[BlackElo "1905"]
[Annotator ""]
[Source ""]
[Remark ""]

1.e4 c5 2.Nf3 Nc6 3.g3 d6 4.Bg2 Nf6 5.Nc3 g6 6.O-O Bg7 7.d4 cxd4
8.Nxd4 Nxd4 9.Qxd4 O-O 10.Qd1 a6 11.a4 Bd7 12.a5 Qc8 13.Na4 Bxa4
14.Rxa4 Qc6 15.b3 Qc5 16.Be3 Qh5 17.Bf3 Qh3 18.Rb4 Qe6 19.Qd3
Qe5 20.Rxb7 Qxa5 21.Rxe7 Qd8 22.Rb7 Ne8 23.Rb6 a5 24.e5 Rc8 25.exd6
Rc3 26.Qd2 Qd7 27.Be2 Be5 28.Bb5 Qf5 29.d7 Rxc2 30.Qxc2 Qxc2
31.d8Q Bc7 32.Qd3 Qxd3 33.Bxd3 Bxb6 34.Bxb6 Nf6 35.Bxa5 Ra8 36.b4
Kf8 37.Rc1 Nd5 38.Be4 1-0

[Event "B"]
[Site ""]
[Date "2009.01.31"]
[Round "1.105"]
[White "Dubov, Alexandr"]
[Black "Karlson, Vladilen"]
[Result "0-1"]
[WhiteElo "1903"]
[BlackElo "2190"]
[Annotator ""]
[Source ""]
[Remark ""]

1.e4 c5 2.Nf3 Nc6 3.d4 cxd4 4.Nxd4 Nf6 5.Nc3 e6 6.Be3 Bb4 7.f3
d5 8.exd5 Nxd5 9.Nxc6 bxc6 10.Bd4 O-O 11.a3 Nxc3 12.bxc3 Bd6
13.Bd3 Qe7 14.Qe2 e5 15.Bf2 Bxa3 16.Qe4 g6 17.Bh4 f6 18.Qxc6
Bb7 19.Qc4+ Kh8 20.Bf2 Rfc8 21.Qh4 Bb2 22.Rb1 Bxc3+ 23.Ke2 e4
24.fxe4 Re8 25.Rb3 Be5 26.Re1 a5 27.Reb1 Bc8 28.Bb5 Rd8 29.Bb6
Rf8 30.Bc6 a4 31.Rb4 a3 32.Bxa8 a2 33.Bd5 Ba6+ 34.Kf3 Qxb4 35.Rxb4
a1Q 36.Rc4 Qf1+ 37.Qf2 Bxc4 38.Qxf1 Bxf1 39.c4 Rc8 40.c5 Bd4
41.Be6 Bxc5 42.Bxc8 Bxb6 43.h4 Kg7 44.g4 h5 45.gxh5 gxh5 46.Bf5
Bd4 47.Bd7 Bc4 48.Bf5 Bf7 49.Bh3 Bg6 50.Be6 Kf8 0-1

[Event "B"]
[Site ""]
[Date "2009.01.31"]
[Round "1.106"]
[White "Yudkevich, Mikhail"]
[Black "Krutov, Sergey"]
[Result "1-0"]
[WhiteElo "2190"]
[BlackElo "1899"]
[Annotator ""]
[Source ""]
[Remark ""]

1.d4 Nf6 2.c4 g6 3.Nc3 Bg7 4.e4 d6 5.Be2 O-O 6.Nf3 e5 7.O-O Nc6
8.d5 Ne7 9.Ne1 Ne8 10.Be3 f5 11.f3 f4 12.Bf2 g5 13.a4 Ng6 14.a5
h5 15.c5 dxc5 16.Bxc5 Rf7 17.d6 Be6 18.dxc7 Qxc7 19.b4 Rd7 20.Qc1
Bf8 21.Nd3 Bc4 22.Bxf8 Bxd3 23.Bc5 Bxe2 24.Nxe2 Nf8 25.Nc3 Nf6
26.Nb5 Qc6 27.Nxa7 Qe6 28.Nb5 g4 29.Nc3 gxf3 30.Rxf3 Ng6 31.Qe1
Rg7 32.Rd1 Ne7 33.h3 Kh7 34.Rd6 Qg8 35.Rxf6 Rxg2+ 36.Kh1 Nc6
37.Qh4 Rg5 38.Rf5 Rxf5 39.exf5 Kh6 40.Qf6+ Kh7 41.Ne4 Qg7 42.Qxg7+
Kxg7 43.Rd3 Rd8 44.Rxd8 Nxd8 45.b5 Kf7 46.Bd6 1-0

[Event "B"]
[Site ""]
[Date "2009.01.31"]
[Round "1.107"]
[White "Glushkov, Lev"]
[Black "Savin, Boris"]
[Result "1-0"]
[WhiteElo "1897"]
[BlackElo "2189"]
[Annotator ""]
[Source ""]
[Remark ""]

1.e4 Nf6 2.Nc3 d5 3.exd5 Nxd5 4.Bc4 c6 5.Nge2 Bf5 6.d4 e6 7.Nxd5
cxd5 8.Bd3 Bxd3 9.Qxd3 Nc6 10.Bf4 Bd6 11.Qg3 Bf8 12.Bc7 Qd7 13.O-O
f6 14.Bf4 g6 15.c3 Bg7 16.Rfe1 O-O 17.Qh3 Rf7 18.Bh6 Bh8 19.Rad1
e5 20.Qd3 e4 21.Qg3 Bg7 22.Bxg7 Kxg7 23.Nf4 g5 24.c4 dxc4 25.d5
Ne5 26.Rxe4 Kh8 27.Ne6 Nd3 28.Rxc4 Qxd5 29.Qxd3 Qxe6 30.b3 Re8
31.Rd4 Ree7 32.Rd6 Qg4 33.Rxf6 Rd7 34.Rd6 Rxd6 35.Qxd6 Qe2 36.Qd8+
Kg7 37.Qxg5+ 1-0

[Event "B"]
[Site ""]
[Date "2009.01.31"]
[Round "1.108"]
[White "Kondratiev, Vissarion L"]
[Black "Meshechko, Julia"]
[Result "1-0"]
[WhiteElo "2188"]
[BlackElo "1897"]
[Annotator ""]
[Source ""]
[Remark ""]

1.e4 c5 2.c3 d5 3.exd5 Qxd5 4.d4 Nf6 5.Nf3 e6 6.Na3 Nc6 7.Nb5
Qd7 8.Ne5 Nxe5 9.dxe5 Nd5 10.c4 Nb6 11.Bg5 a6 12.Qxd7+ Kxd7 13.O-O-O+
Kc6 14.Nd6 Bxd6 15.Rxd6+ Kc7 16.Be2 Bd7 17.Rhd1 Bc6 18.b3 Bxg2
19.f3 a5 20.a4 Bh3 21.Be3 Bf5 22.Bxc5 Ra6 23.Kb2 f6 24.Bf2 fxe5
25.c5 1-0

[Event "B"]
[Site ""]
[Date "2009.01.31"]
[Round "1.110"]
[White "Kulagin, Maxim"]
[Black "Kuleshov, Viktor"]
[Result "1-0"]
[WhiteElo "2186"]
[BlackElo "1891"]
[Annotator ""]
[Source ""]
[Remark ""]

1.e4 c5 2.a3 e6 3.b4 cxb4 4.axb4 d5 5.e5 Nc6 6.d4 Nxb4 7.c3 Nc6
8.Bd3 Nge7 9.Na3 Nf5 10.Qg4 h5 11.Qh3 Qa5 12.Bxf5 exf5 13.Ne2
Be6 14.O-O O-O-O 15.Qd3 a6 16.Bg5 Be7 17.Bxe7 Nxe7 18.c4 Kb8
19.c5 Kc8 20.Rfb1 Qc7 21.Rb6 Nc6 22.Rab1 Na5 23.Nb5 axb5 24.Qxb5
Bd7 25.Qxa5 Bc6 26.Qa7 Rh6 27.Nc3 Qb8 28.Qa5 Qc7 29.Qb4 f4 30.f3
Re6 31.Ra1 Qb8 32.Nb5 Bxb5 33.Qxb5 Qc7 34.Ra8+ 1-0

[Event "B"]
[Site ""]
[Date "2009.01.31"]
[Round "1.111"]
[White "Babkin, Ivan"]
[Black "Trofimovsky, Alexander"]
[Result "0-1"]
[WhiteElo "1890"]
[BlackElo "2186"]
[Annotator ""]
[Source ""]
[Remark ""]

1.d4 c5 2.Nf3 cxd4 3.Nxd4 d5 4.e3 e5 5.Nf3 Nc6 6.a3 Be6 7.b3
Be7 8.Bb2 Qc7 9.Nbd2 Rd8 10.Bb5 Bf6 11.Qc1 Nge7 12.O-O a6 13.Be2
e4 14.Ne1 Ne5 15.f3 Nf5 16.Nb1 Qb6 17.Kf2 Ng4+ 18.fxg4 Bxb2 19.Qd2
Nxe3 20.Qxe3 Bd4 0-1